[Event "1. Bundesliga 2015/2016"]
[Site "St. Veit/Glan"]
[Date "2016.02.25"]
[Round "5"]
[Board "2"]
[White "Skoberne, Jure"]
[Black "Krassowizkij, Jaroslaw"]
[Result "1/2-1/2"]
[WhiteElo "2564"]
[BlackElo "2446"]
[PlyCount "68"]
[EventDate "2015.11.05"]
[EventType "team"]
[EventRounds "11"]
[EventCountry "AUT"]
[WhiteTeam "SV Raika Rapid Feffernitz"]
[BlackTeam "Schachclub Sparkasse Goetzis"]

1.Nf3 Nf6 2.g3 d5 3.Bg2 e6 4.O-O b5 5.d3 Be7 6.c4 bxc4 7.dxc4 c6 8.Nc3 O-O 9.cxd5
cxd5 10.e4 Nxe4 11.Nxe4 dxe4 12.Ng5 Bb7 13.Nxe4 Bd5 14.Be3 Nc6 15.Nc5 Nb4 16.a3 Bxg2
17.Qxd8 Rfxd8 18.Kxg2 Nc2 19.Rac1 Nxe3+ 20.fxe3 Rac8 21.b4 Bxc5 22.bxc5 Rd5 23.Rfd1
Rxd1 24.Rxd1 Kf8 25.Rc1 Ke7 26.Kf3 Kd7 27.Rc4 Kc6 28.Rg4 g6 29.Ra4 Rc7 30.Ra5 Kd5
31.g4 h6 32.h4 f5 33.gxf5 gxf5 34.Ra6 Rxc5 1/2-1/2

[Event "1. Bundesliga 2015/2016"]
[Site "St. Veit/Glan"]
[Date "2016.02.25"]
[Round "5"]
[Board "3"]
[White "Hirneise, Tobias"]
[Black "Diermair, Andreas"]
[Result "1/2-1/2"]
[WhiteElo "2449"]
[BlackElo "2478"]
[PlyCount "60"]
[EventDate "2015.11.05"]
[EventType "team"]
[EventRounds "11"]
[EventCountry "AUT"]
[WhiteTeam "Schachclub Sparkasse Goetzis"]
[BlackTeam "SV Raika Rapid Feffernitz"]

1.e4 e5 2.Nf3 Nc6 3.Bb5 a6 4.Ba4 Nf6 5.O-O Be7 6.Re1 b5 7.Bb3 d6 8.c3 O-O 9.h3 Bb7
10.d4 Re8 11.a4 Bf8 12.d5 Nb8 13.axb5 axb5 14.Rxa8 Bxa8 15.Na3 Nbd7 16.Nxb5 Nc5 17.Bc2
c6 18.dxc6 Bxc6 19.c4 Ncxe4 20.Ng5 Nc5 21.Nc3 Qa8 22.b4 Ncd7 23.Nge4 Nxe4 24.Nxe4
d5 25.b5 dxe4 26.bxc6 Nc5 27.Qd5 Rd8 28.Qxe5 Qxc6 29.Be3 Nd3 30.Bxd3 exd3 1/2-1/2

[Event "1. Bundesliga 2015/2016"]
[Site "St. Veit/Glan"]
[Date "2016.02.25"]
[Round "5"]
[Board "4"]
[White "Schreiner, Peter"]
[Black "Kessler, Luca"]
[Result "1/2-1/2"]
[WhiteElo "2461"]
[BlackElo "2433"]
[PlyCount "165"]
[EventDate "2015.11.05"]
[EventType "team"]
[EventRounds "11"]
[EventCountry "AUT"]
[WhiteTeam "SV Raika Rapid Feffernitz"]
[BlackTeam "Schachclub Sparkasse Goetzis"]

1.d4 Nf6 2.c4 g6 3.Nc3 Bg7 4.e4 d6 5.h3 O-O 6.Be3 e5 7.d5 Na6 8.Bd3 Nh5 9.Nge2 f5
10.exf5 gxf5 11.g4 Nf4 12.Nxf4 exf4 13.Bxf4 Qe8+ 14.Qe2 Qxe2+ 15.Kxe2 fxg4 16.Be3
Nc5 17.Bc2 gxh3 18.Rag1 Kh8 19.Kd2 a5 20.Rg5 Bf6 21.Rh5 Rf7 22.Bg6 Rg7 23.Bf5 Bxf5
24.Rxf5 Rf8 25.Kc2 Rff7 26.Nb5 Bh4 27.Rxf7 Rxf7 28.f4 Bf6 29.Rxh3 Rg7 30.Rh2 Ne4 31.Nd4
Rg3 32.Nf5 Rg8 33.Rh6 Rg6 34.Rxg6 hxg6 35.Nh6 Kg7 36.Ng4 Kf7 37.Kd3 Ng3 38.b3 Nf5
39.Bf2 b6 40.Ke4 Bg7 41.Nh2 Bf6 42.Nf3 Ke7 43.Nd2 Bc3 44.Nf1 Bf6 45.Ne3 Nxe3 46.Bxe3
Bg7 47.Kf3 Kd7 48.Bf2 Bh6 49.Bd4 Ke7 50.Kg4 Kd7 51.Bf6 Ke8 52.Bc3 Kd7 53.Bd4 Ke8 54.Kf3
Kd7 55.Kg3 Ke7 56.Kg4 Kd7 57.Kf3 Ke7 58.Be3 Bg7 59.Bf2 Bh6 60.Bd4 Kd7 61.Ke4 Ke7 62.a3
Kd7 63.Bf6 Ke8 64.Bc3 Kd7 65.a4 Ke8 66.b4 axb4 67.Bxb4 Kd7 68.Bc3 Ke7 69.a5 bxa5 70.Bxa5
Kd7 71.Kf3 Kc8 72.Bd2 Kd7 73.Be3 Bg7 74.Ke4 Ke7 75.Bf2 Kd7 76.c5 dxc5 77.Bxc5 Bf6
78.Bb4 Bb2 79.Kf3 Bg7 80.Kg4 Bh6 81.f5 gxf5+ 82.Kxf5 Bc1 83.Bc5 1/2-1/2

[Event "1. Bundesliga 2015/2016"]
[Site "St. Veit/Glan"]
[Date "2016.02.25"]
[Round "5"]
[Board "5"]
[White "Anistratov, Dmitrij"]
[Black "Sebenik, Matej"]
[Result "0-1"]
[WhiteElo "2287"]
[BlackElo "2527"]
[PlyCount "104"]
[EventDate "2015.11.05"]
[EventType "team"]
[EventRounds "11"]
[EventCountry "AUT"]
[WhiteTeam "Schachclub Sparkasse Goetzis"]
[BlackTeam "SV Raika Rapid Feffernitz"]

1.Nf3 c5 2.e4 Nc6 3.Nc3 g6 4.d4 cxd4 5.Nxd4 Bg7 6.Nb3 Nf6 7.Be2 O-O 8.O-O d6 9.Re1
a6 10.Bf1 b5 11.Nd5 Nd7 12.c3 Bb7 13.a4 e6 14.axb5 axb5 15.Rxa8 Bxa8 16.Ne3 Qb8 17.Nc2
b4 18.c4 Nc5 19.Nca1 Na4 20.Bf4 Ne5 21.Nd2 Nxb2 22.Qb3 Bc6 23.Rb1 Na4 24.Qxb4 Qxb4
25.Rxb4 Nc5 26.Rb6 Rc8 27.Be3 Ned7 28.Rb1 Nxe4 29.Nab3 Nxd2 30.Nxd2 Kf8 31.f3 f5 32.Rc1
Ra8 33.Rd1 Ra3 34.Bf2 Ke7 35.Bh4+ Bf6 36.Bg3 Bd4+ 37.Bf2 Bxf2+ 38.Kxf2 Ra2 39.Ke1
Nc5 40.Rb1 e5 41.Be2 Kd7 42.Rb8 e4 43.fxe4 Nxe4 44.Nxe4 Bxe4 45.g3 g5 46.h4 gxh4 47.gxh4
Ke7 48.Bh5 Kf6 49.Re8 Rh2 50.Rd8 Ke5 51.Re8+ Kd4 52.Be2 Ke3 0-1

[Event "1. Bundesliga 2015/2016"]
[Site "St. Veit/Glan"]
[Date "2016.02.25"]
[Round "5"]
[Board "6"]
[White "Zorko, Jure"]
[Black "Schloetzer, Waldemar"]
[Result "1/2-1/2"]
[WhiteElo "2457"]
[BlackElo "2282"]
[PlyCount "105"]
[EventDate "2015.11.05"]
[EventType "team"]
[EventRounds "11"]
[EventCountry "AUT"]
[WhiteTeam "SV Raika Rapid Feffernitz"]
[BlackTeam "Schachclub Sparkasse Goetzis"]

1.e4 c6 2.d4 d5 3.Nc3 dxe4 4.Nxe4 Bf5 5.Ng3 Bg6 6.Bc4 e6 7.N1e2 Nf6 8.Nf4 Bd6 9.c3
Nbd7 10.h4 Qc7 11.Qf3 O-O-O 12.Nxg6 hxg6 13.Bd2 Nb6 14.Bb3 e5 15.dxe5 Bxe5 16.O-O-O
Nbd5 17.Ne4 Nxe4 18.Qxe4 f5 19.Qf3 Nf6 20.g3 Ne4 21.Be3 Qa5 22.Bg5 Nxg5 23.hxg5 Rxh1
24.Qxh1 Rxd1+ 25.Qxd1 Kc7 26.f4 Bd6 27.Qd4 Bf8 28.Bf7 Qc5 29.Bxg6 Qxd4 30.cxd4 Bb4
31.Kd1 Kd6 32.Ke2 Ke6 33.Bh7 Ba5 34.Bg8+ Kd6 35.Bc4 Bb6 36.Ke3 Ba5 37.Be2 Be1 38.g4
fxg4 39.Bxg4 b6 40.Ke4 Bd2 41.Be2 a5 42.a4 Bc1 43.b3 Bd2 44.Bc4 Bc1 45.d5 cxd5+ 46.Bxd5
Bd2 47.Bc4 Bc1 48.Kf5 Ke7 49.Kg4 g6 50.f5 gxf5+ 51.Kxf5 Kf8 52.g6 Kg7 53.Bd5 1/2-1/2

[Event "1. Bundesliga 2015/2016"]
[Site "St. Veit/Glan"]
[Date "2016.02.25"]
[Round "5"]
[Board "1"]
[White "Papp, Gabor"]
[Black "Volokitin, Andrei"]
[Result "0-1"]
[WhiteElo "2593"]
[BlackElo "2642"]
[PlyCount "94"]
[EventDate "2015.11.05"]
[EventType "team"]
[EventRounds "11"]
[EventCountry "AUT"]
[WhiteTeam "L.A. Kraftanlage Ottakring"]
[BlackTeam "Schachklub Sparkasse Jenbach"]

1.e4 e5 2.Nf3 Nc6 3.Bb5 Nf6 4.O-O Nxe4 5.d4 Nd6 6.Bxc6 dxc6 7.dxe5 Nf5 8.Qxd8+ Kxd8
9.h3 Bd7 10.Rd1 Be7 11.g4 Nh4 12.Nxh4 Bxh4 13.Nd2 Kc8 14.Nf3 Be7 15.Rd3 h6 16.Nd4
Re8 17.b3 Bf8 18.Bb2 h5 19.Nf5 hxg4 20.hxg4 g6 21.Rad1 Be6 22.Ne3 Bh6 23.f3 Rh8 24.Ng2
b6 25.Kf2 Kb7 26.Kg3 Bg5 27.Bc1 Be7 28.Nf4 Bc8 29.Bb2 Rh7 30.Kg2 a5 31.a4 Bg5 32.Nh3
Be7 33.Nf4 Bg5 34.e6 Bxf4 35.e7 Rh2+ 36.Kg1 Re2 37.Bf6 Bd6 38.Rxd6 cxd6 39.Rxd6 Ka7
40.Rd8 Bb7 41.Kf1 Re6 42.g5 c5 43.Kf2 Bc6 44.c4 Kb7 45.f4 Kc7 46.Kg3 Rxf6 47.Rxa8
Re6 0-1

[Event "1. Bundesliga 2015/2016"]
[Site "St. Veit/Glan"]
[Date "2016.02.25"]
[Round "5"]
[Board "2"]
[White "Nisipeanu, Liviu-Dieter"]
[Black "Banusz, Tamas"]
[Result "1-0"]
[WhiteElo "2667"]
[BlackElo "2619"]
[PlyCount "129"]
[EventDate "2015.11.05"]
[EventType "team"]
[EventRounds "11"]
[EventCountry "AUT"]
[WhiteTeam "Schachklub Sparkasse Jenbach"]
[BlackTeam "L.A. Kraftanlage Ottakring"]

1.d4 d5 2.Nf3 Nf6 3.Bf4 c5 4.e3 Nc6 5.Nbd2 cxd4 6.exd4 Bf5 7.c3 e6 8.Qb3 Qc8 9.Nh4
Bg4 10.Bd3 Be7 11.h3 Bh5 12.O-O Nd7 13.Nhf3 O-O 14.Rae1 Bg6 15.Bxg6 hxg6 16.h4 Nf6
17.g3 a6 18.Kg2 b5 19.Rh1 Qb7 20.Qc2 Rfe8 21.g4 Nxg4 22.h5 g5 23.Bxg5 Nh6 24.Bxh6
gxh6 25.Rxe6 fxe6 26.Qg6+ Kh8 27.Qxh6+ Kg8 28.Qg6+ Kh8 29.Qh6+ Kg8 30.Qxe6+ Kh8 31.Qh6+
Kg8 32.Qg6+ Kh8 33.Qh6+ Kg8 34.Rh3 Bf8 35.Rg3+ Bg7 36.Qg6 Qf7 37.Qxc6 Qe6 38.Qb7 Qf7
39.Qc6 Qe6 40.Qxe6+ Rxe6 41.Nf1 Kh8 42.Ne3 Bh6 43.Nxd5 Rd8 44.Nb4 Re2 45.Nd3 Rg8 46.Rxg8+
Kxg8 47.Kf1 Re4 48.Nc5 Rf4 49.Ne5 a5 50.Ng6 Rf3 51.Kg2 Rf6 52.Ne4 Rb6 53.d5 Bg7 54.f4
b4 55.d6 bxc3 56.bxc3 Kf7 57.Ne5+ Ke6 58.d7 Ke7 59.Nc5 Rb2+ 60.Kf3 Bf6 61.a4 Bxe5
62.fxe5 Rc2 63.Ke4 Rxc3 64.Kd5 Rh3 65.Kc6 1-0

[Event "1. Bundesliga 2015/2016"]
[Site "St. Veit/Glan"]
[Date "2016.02.25"]
[Round "5"]
[Board "3"]
[White "Dragnev, Valentin"]
[Black "Schlosser, Philipp"]
[Result "1/2-1/2"]
[WhiteElo "2432"]
[BlackElo "2551"]
[PlyCount "113"]
[EventDate "2015.11.05"]
[EventType "team"]
[EventRounds "11"]
[EventCountry "AUT"]
[WhiteTeam "L.A. Kraftanlage Ottakring"]
[BlackTeam "Schachklub Sparkasse Jenbach"]

1.e4 c5 2.Nf3 e6 3.d4 cxd4 4.Nxd4 a6 5.c4 Nf6 6.Nc3 Bb4 7.Qd3 d5 8.exd5 exd5 9.Be2
O-O 10.O-O Nc6 11.Nxd5 Nxd5 12.cxd5 Qxd5 13.Nxc6 bxc6 14.Qxd5 cxd5 15.Bf3 Be6 16.Rd1
Rfd8 17.Be3 a5 18.Rac1 a4 19.a3 Be7 20.Bd4 Rab8 21.Rc7 Bf6 22.Bxf6 gxf6 23.Rd2 Rd6
24.g4 Rdb6 25.Rcc2 Rb5 26.h3 Kg7 27.Kg2 h6 28.Be2 Rb3 29.Bf3 R8b5 30.Be2 Rb8 31.Bd3
h5 32.f3 hxg4 33.hxg4 f5 34.Bxf5 Bxf5 35.gxf5 Kf6 36.Kg3 Ke5 37.Rc5 Rxb2 38.Rdxd5+
Kf6 39.Kg4 Rg2+ 40.Kf4 Rb3 41.Rc6+ Kg7 42.f6+ Kh6 43.Rd8 Kh7 44.Rf8 Rf2 45.Rxf7+ Kh6
46.Rf8 Rfxf3+ 47.Ke5 Rbe3+ 48.Kd6 Kg6 49.Kd7 Rd3+ 50.Kc7 Rc3 51.Rg8+ Kf7 52.Ra8 Rxc6+
53.Kxc6 Rxa3 54.Kb5 Kxf6 55.Ra6+ Ke5 56.Rxa4 Rxa4 57.Kxa4 1/2-1/2

[Event "1. Bundesliga 2015/2016"]
[Site "St. Veit/Glan"]
[Date "2016.02.25"]
[Round "5"]
[Board "4"]
[White "Shengelia, David"]
[Black "Schmaltz, Roland"]
[Result "1-0"]
[WhiteElo "2566"]
[BlackElo "2487"]
[PlyCount "103"]
[EventDate "2015.11.05"]
[EventType "team"]
[EventRounds "11"]
[EventCountry "AUT"]
[WhiteTeam "Schachklub Sparkasse Jenbach"]
[BlackTeam "L.A. Kraftanlage Ottakring"]

1.d4 Nf6 2.Bf4 g6 3.Nc3 Bg7 4.Qd2 d5 5.f3 c6 6.O-O-O b5 7.g4 Nbd7 8.h4 Nb6 9.h5 Nc4
10.Qe1 Qa5 11.e4 b4 12.Nb1 Qxa2 13.Qxb4 Nd7 14.Bxc4 Qxc4 15.Qxc4 dxc4 16.h6 Bf8 17.Ne2
f6 18.Na3 Nb6 19.Nc3 g5 20.Bc7 Ba6 21.d5 Rc8 22.Bg3 cxd5 23.exd5 Bb7 24.Bf2 Kf7 25.Nab5
Rd8 26.Bxb6 axb6 27.Rd4 Kg6 28.Re1 Kxh6 29.Re6 Kg6 30.Rxb6 Bc8 31.Rxc4 h5 32.gxh5+
Kxh5 33.Nd4 Bh6 34.Kb1 Bh3 35.Rc7 e5 36.Ne6 Rb8 37.Rxb8 Rxb8 38.Ne4 Kg6 39.Rc6 Bg2
40.N6c5 Bg7 41.Nd7 Bxf3 42.Nxb8 Bxe4 43.d6 Bxc6 44.Nxc6 f5 45.d7 Bf6 46.Nxe5+ Kh5
47.Kc1 g4 48.Kd2 f4 49.b4 Kh4 50.b5 Kh3 51.b6 f3 52.Nxg4 1-0

[Event "1. Bundesliga 2015/2016"]
[Site "St. Veit/Glan"]
[Date "2016.02.25"]
[Round "5"]
[Board "5"]
[White "Menezes, Christoph"]
[Black "Boensch, Uwe"]
[Result "0-1"]
[WhiteElo "2395"]
[BlackElo "2553"]
[PlyCount "104"]
[EventDate "2015.11.05"]
[EventType "team"]
[EventRounds "11"]
[EventCountry "AUT"]
[WhiteTeam "L.A. Kraftanlage Ottakring"]
[BlackTeam "Schachklub Sparkasse Jenbach"]

1.Nf3 Nf6 2.c4 e6 3.g3 d5 4.d4 Bb4+ 5.Bd2 Bxd2+ 6.Qxd2 O-O 7.Bg2 c6 8.O-O b6 9.Ne5
Nfd7 10.Nxd7 Nxd7 11.Nc3 Ba6 12.cxd5 cxd5 13.Rfc1 Rc8 14.Rc2 Nf6 15.Rac1 Qd7 16.e3
g6 17.Bf1 Bxf1 18.Kxf1 Kg7 19.Qd3 Rc7 20.Ne2 Rfc8 21.Rxc7 Rxc7 22.Rxc7 Qxc7 23.Qc3
Qd7 24.Qc2 h5 25.Nf4 Ne4 26.Nd3 Qb5 27.f3 Nd6 28.Kf2 Qc4 29.Qxc4 Nxc4 30.Ke2 g5 31.e4
dxe4 32.fxe4 Nd6 33.Ke3 f5 34.exf5 exf5 35.d5 Kf6 36.a4 Nc4+ 37.Ke2 Ne5 38.Nb4 Ke7
39.Ke3 Kd6 40.h4 a5 41.hxg5 axb4 42.Kf4 Kxd5 43.Kxf5 Ng4 44.g6 Nh6+ 45.Kg5 Ng8 46.Kxh5
Ke6 47.Kg5 b3 48.g4 Nf6 49.Kf4 Nd7 50.Kg5 Ne5 51.Kh5 Kf6 52.Kh6 Nxg6 0-1

[Event "1. Bundesliga 2015/2016"]
[Site "St. Veit/Glan"]
[Date "2016.02.25"]
[Round "5"]
[Board "6"]
[White "Lehner, Oliver"]
[Black "Gstach, Jakob"]
[Result "1-0"]
[WhiteElo "2408"]
[BlackElo "2267"]
[PlyCount "115"]
[EventDate "2015.11.05"]
[EventType "team"]
[EventRounds "11"]
[EventCountry "AUT"]
[WhiteTeam "Schachklub Sparkasse Jenbach"]
[BlackTeam "L.A. Kraftanlage Ottakring"]

1.e4 e5 2.Nf3 Nc6 3.Bb5 Nf6 4.O-O Nxe4 5.Re1 Nd6 6.Nxe5 Be7 7.Bf1 Nxe5 8.Rxe5 O-O
9.d4 Bf6 10.Re1 Nf5 11.c3 d5 12.Bf4 c6 13.Bd3 Re8 14.Rxe8+ Qxe8 15.Nd2 Nh4 16.Qc2
Ng6 17.Bg3 Bg4 18.Nf1 Nf8 19.Ne3 Bh5 20.Nf5 Bg6 21.Kf1 Qd7 22.Re1 Re8 23.Rxe8 Qxe8
24.Nd6 Qd7 25.Nf5 Ne6 26.Qe2 c5 27.dxc5 Nxc5 28.Bb5 Qe6 29.Nd6 a6 30.Qxe6 fxe6 31.Be2
b5 32.Bf4 Na4 33.Bc1 Kf8 34.Nb7 Bb1 35.a3 Bc2 36.Na5 Nc5 37.Nc6 Nd3 38.Bxd3 Bxd3+
39.Ke1 Bc4 40.f4 Ke8 41.Be3 h5 42.Bd4 Kf7 43.Kf2 Kg6 44.b4 h4 45.g4 hxg3+ 46.hxg3
Kf5 47.Kf3 g5 48.Bxf6 Kxf6 49.Ke3 Bf1 50.Nb8 Bc4 51.Nxa6 e5 52.fxe5+ Kxe5 53.Nc5 Kf5
54.a4 bxa4 55.Nxa4 Kg4 56.Kf2 Kf5 57.Nc5 Kg4 58.Nb7 1-0

[Event "1. Bundesliga 2015/2016"]
[Site "St. Veit/Glan"]
[Date "2016.02.26"]
[Round "6"]
[Board "1"]
[White "Melkumyan, Hrant"]
[Black "Volokitin, Andrei"]
[Result "0-1"]
[WhiteElo "2646"]
[BlackElo "2642"]
[PlyCount "120"]
[EventDate "2015.11.05"]
[EventType "team"]
[EventRounds "11"]
[EventCountry "AUT"]
[WhiteTeam "ASVOE Wulkaprodersdorf"]
[BlackTeam "Schachklub Sparkasse Jenbach"]

1.Nf3 c5 2.c4 Nf6 3.Nc3 d5 4.cxd5 Nxd5 5.e3 e6 6.d4 cxd4 7.exd4 Nxc3 8.bxc3 Qc7 9.Bd2
Nd7 10.Bd3 b6 11.O-O Bd6 12.Re1 Bb7 13.c4 O-O 14.h3 Bf4 15.Bc3 Rac8 16.Qe2 Ba6 17.Bd2
Bxd2 18.Nxd2 Rfd8 19.Rac1 Nf6 20.Nb3 Qd7 21.Rc2 Rc7 22.Rec1 h6 23.Rc3 Rdc8 24.Qb2
Bb7 25.f3 Bc6 26.R3c2 Qd6 27.Bf1 Qg3 28.Rc3 Ba4 29.Nd2 Qf4 30.Rd3 Rd8 31.Re1 Rcd7
32.Ne4 Nxe4 33.Rxe4 Qf6 34.Qd2 Bc6 35.Re5 h5 36.f4 h4 37.Qe3 g6 38.Kh2 Kg7 39.Be2
Rd6 40.Bf1 R8d7 41.Kg1 Bb7 42.a4 Qd8 43.d5 exd5 44.cxd5 Ba6 45.Rd1 Bxf1 46.Rxf1 Rxd5
47.f5 Rd1 48.Re8 Qf6 49.Qe5 Qxe5 50.Rxe5 Kf6 51.Rb5 g5 52.a5 R1d5 53.Rfb1 bxa5 54.Kf2
Kxf5 55.Rxd5+ Rxd5 56.Rb7 Ke4 57.Rxa7 f5 58.g3 hxg3+ 59.Kxg3 Rd3+ 60.Kg2 Rd2+ 0-1

[Event "1. Bundesliga 2015/2016"]
[Site "St. Veit/Glan"]
[Date "2016.02.26"]
[Round "6"]
[Board "2"]
[White "Nisipeanu, Liviu-Dieter"]
[Black "Kraemer, Martin"]
[Result "1/2-1/2"]
[WhiteElo "2667"]
[BlackElo "2570"]
[PlyCount "107"]
[EventDate "2015.11.05"]
[EventType "team"]
[EventRounds "11"]
[EventCountry "AUT"]
[WhiteTeam "Schachklub Sparkasse Jenbach"]
[BlackTeam "ASVOE Wulkaprodersdorf"]

1.d4 Nf6 2.Nf3 e6 3.Bf4 c5 4.e3 Nc6 5.Nbd2 d5 6.c3 Bd6 7.dxc5 Bxc5 8.Bd3 O-O 9.O-O
h6 10.Bg3 Be7 11.e4 Nh5 12.exd5 Nxg3 13.hxg3 Qxd5 14.Qe2 Rd8 15.Bc2 Bd7 16.Rfd1 Qh5
17.Nc4 g6 18.Nd6 Bxd6 19.Rxd6 Be8 20.Rxd8 Rxd8 21.Qe3 Kg7 22.b4 b6 23.a4 Qg4 24.a5
Qc4 25.axb6 axb6 26.Be4 Qb5 27.Bxc6 Qxc6 28.Ne5 Qc7 29.Ng4 g5 30.c4 Qd6 31.b5 Qd4
32.Qxd4+ Rxd4 33.Ne3 f5 34.Ra7+ Kf6 35.Ra6 f4 36.Ng4+ Ke7 37.gxf4 gxf4 38.Rxb6 Rxc4
39.Rb7+ Kd6 40.Nxh6 Rc1+ 41.Kh2 Rc2 42.Ng4 Rb2 43.Rb6+ Ke7 44.Rb7+ Kd6 45.b6 Bc6 46.Rf7
Rb4 47.f3 Be8 48.Rb7 Bc6 49.Rb8 Rb2 50.Kh3 e5 51.Nf6 Kc5 52.Ng4 Kd6 53.Rg8 Bd7 54.Rg6+ 1/2-1/2

[Event "1. Bundesliga 2015/2016"]
[Site "St. Veit/Glan"]
[Date "2016.02.26"]
[Round "6"]
[Board "3"]
[White "Antal, Gergely"]
[Black "Schlosser, Philipp"]
[Result "1/2-1/2"]
[WhiteElo "2538"]
[BlackElo "2551"]
[PlyCount "127"]
[EventDate "2015.11.05"]
[EventType "team"]
[EventRounds "11"]
[EventCountry "AUT"]
[WhiteTeam "ASVOE Wulkaprodersdorf"]
[BlackTeam "Schachklub Sparkasse Jenbach"]

1.e4 c5 2.Nf3 Nc6 3.d4 cxd4 4.Nxd4 Nf6 5.Nc3 d6 6.Bc4 Qb6 7.Nxc6 bxc6 8.O-O g6 9.Qe1
Qc7 10.Bf4 Nd7 11.Qe3 Bg7 12.Bh6 O-O 13.Bxg7 Kxg7 14.b3 a5 15.Rad1 Ba6 16.Bxa6 Rxa6
17.Na4 Nb6 18.Qc3+ Kg8 19.Nxb6 Qxb6 20.e5 d5 21.Rd4 e6 22.h4 a4 23.h5 axb3 24.axb3
c5 25.Rf4 Qc7 26.g3 d4 27.Rxd4 Qxe5 28.Rc4 Qxc3 29.Rxc3 Rc8 30.Re1 Kf8 31.Re5 Rac6
32.Rc4 Ke7 33.Kg2 Kd6 34.Re3 e5 35.Rce4 f6 36.f4 Re8 37.Rd3+ Ke6 38.hxg6 hxg6 39.Kf3
Rd6 40.Rxd6+ Kxd6 41.Ra4 Kd5 42.Ra6 exf4 43.gxf4 Rf8 44.Ke3 c4 45.Ra5+ Ke6 46.bxc4
Rh8 47.Ke4 Rh4 48.Ra6+ Ke7 49.c5 g5 50.Kd5 Rxf4 51.Ra7+ Kd8 52.c6 g4 53.c4 f5 54.Kd6
Rd4+ 55.Kc5 Rd2 56.Rf7 Kc8 57.Rxf5 g3 58.Rf8+ Kc7 59.Rf7+ Kc8 60.Rg7 g2 61.Rg3 Kc7
62.Rg8 Rf2 63.Rg7+ Kc8 64.Rg8+ 1/2-1/2

[Event "1. Bundesliga 2015/2016"]
[Site "St. Veit/Glan"]
[Date "2016.02.26"]
[Round "6"]
[Board "4"]
[White "Shengelia, David"]
[Black "Schneider, Ilja"]
[Result "1-0"]
[WhiteElo "2566"]
[BlackElo "2505"]
[PlyCount "81"]
[EventDate "2015.11.05"]
[EventType "team"]
[EventRounds "11"]
[EventCountry "AUT"]
[WhiteTeam "Schachklub Sparkasse Jenbach"]
[BlackTeam "ASVOE Wulkaprodersdorf"]

1.b3 d5 2.Bb2 Bg4 3.h3 Bh5 4.d4 e6 5.Qd2 Nf6 6.Nc3 Bb4 7.f3 Qd6 8.e3 Qg3+ 9.Qf2 Qxf2+
10.Kxf2 Bg6 11.Rc1 a6 12.Nge2 h5 13.Nf4 Bh7 14.h4 Nbd7 15.Nce2 Bd6 16.c4 dxc4 17.bxc4
c5 18.d5 e5 19.Nh3 e4 20.Ng5 Bg6 21.Nf4 Bf5 22.Be2 exf3 23.gxf3 b5 24.Ng2 Ne5 25.e4
Bd7 26.f4 Nfg4+ 27.Kg3 f6 28.fxe5 Nxe5 29.Ne6 Nxc4+ 30.e5 Nxe5 31.Kf2 Bxe6 32.dxe6
Ke7 33.Nf4 Ng4+ 34.Kf3 Rh6 35.Rhe1 Nh2+ 36.Ke4 f5+ 37.Ke3 Rg8 38.Rcd1 Ng4+ 39.Kf3
Bxf4 40.Kxf4 Rxe6 41.Bf3 1-0

[Event "1. Bundesliga 2015/2016"]
[Site "St. Veit/Glan"]
[Date "2016.02.26"]
[Round "6"]
[Board "5"]
[White "Volkmann, Friedrich Karl"]
[Black "Boensch, Uwe"]
[Result "1/2-1/2"]
[WhiteElo "2433"]
[BlackElo "2553"]
[PlyCount "113"]
[EventDate "2015.11.05"]
[EventType "team"]
[EventRounds "11"]
[EventCountry "AUT"]
[WhiteTeam "ASVOE Wulkaprodersdorf"]
[BlackTeam "Schachklub Sparkasse Jenbach"]

1.d4 Nf6 2.Bg5 g6 3.Nc3 d5 4.Qd2 Bg7 5.O-O-O O-O 6.f3 Nc6 7.Bh6 Re8 8.h4 e5 9.Bxg7
Kxg7 10.dxe5 Rxe5 11.e4 Be6 12.Bb5 dxe4 13.Qe1 Qe7 14.Bxc6 bxc6 15.fxe4 Bg4 16.Nf3
Bxf3 17.gxf3 Re6 18.Ne2 Nh5 19.Qc3+ Qf6 20.Nd4 Qf4+ 21.Kb1 Rf6 22.Rhg1 Re8 23.Rg4
Qh2 24.Nxc6 Qe2 25.Kc1 Qxf3 26.Qxf3 Rxf3 27.e5 Nf4 28.Rd7 h5 29.Rg5 Ne6 30.Rg2 Rf4
31.Rh2 a6 32.b3 g5 33.hxg5 Kg6 34.Ne7+ Kxg5 35.Nd5 Rf1+ 36.Kb2 Nf4 37.Nxf4 Rxf4 38.Rxc7
Rxe5 39.Rc8 Re6 40.c4 h4 41.c5 Rff6 42.b4 Kg4 43.Rc2 h3 44.c6 h2 45.c7 h1=Q 46.Rg8+
Rg6 47.c8=Q Qd5 48.Rd8 Qe5+ 49.Kb3 f5 50.Rd1 Qg3+ 51.Rc3 Re3 52.Rd4+ Kg5 53.Qd8+ Rf6
54.Qg8+ Rg6 55.Qd8+ Rf6 56.Qg8+ Rg6 57.Qd8+ 1/2-1/2

[Event "1. Bundesliga 2015/2016"]
[Site "St. Veit/Glan"]
[Date "2016.02.26"]
[Round "6"]
[Board "6"]
[White "Lehner, Oliver"]
[Black "Mesaros, Florian"]
[Result "1/2-1/2"]
[WhiteElo "2408"]
[BlackElo "2307"]
[PlyCount "50"]
[EventDate "2015.11.05"]
[EventType "team"]
[EventRounds "11"]
[EventCountry "AUT"]
[WhiteTeam "Schachklub Sparkasse Jenbach"]
[BlackTeam "ASVOE Wulkaprodersdorf"]

1.e4 c5 2.Nf3 d6 3.d4 cxd4 4.Nxd4 Nf6 5.Nc3 a6 6.Bg5 e6 7.f4 h6 8.Bh4 Qb6 9.Qd2 Qxb2
10.Rb1 Qa3 11.e5 g5 12.exf6 gxh4 13.f5 e5 14.Nb3 Nc6 15.Nd5 Kd8 16.Qf2 Nd4 17.c3 Bxf5
18.Nxd4 Bxb1 19.Nb3 Bxa2 20.Qb6+ Ke8 21.Qxb7 Qxb3 22.Qc6+ Kd8 23.Qc7+ Ke8 24.Qc6+
Kd8 25.Qc7+ Ke8 1/2-1/2

[Event "1. Bundesliga 2015/2016"]
[Site "St. Veit/Glan"]
[Date "2016.02.26"]
[Round "6"]
[Board "1"]
[White "Lenic, Luka"]
[Black "Papp, Gabor"]
[Result "1/2-1/2"]
[WhiteElo "2628"]
[BlackElo "2593"]
[PlyCount "62"]
[EventDate "2015.11.05"]
[EventType "team"]
[EventRounds "11"]
[EventCountry "AUT"]
[WhiteTeam "SV Raika Rapid Feffernitz"]
[BlackTeam "L.A. Kraftanlage Ottakring"]

1.d4 Nf6 2.c4 e6 3.Nc3 Bb4 4.e3 O-O 5.Nge2 Re8 6.a3 Bf8 7.Ng3 d5 8.b4 c6 9.Bb2 Nbd7
10.Be2 e5 11.cxd5 cxd5 12.Rc1 a6 13.dxe5 Nxe5 14.Na4 Bg4 15.Bxe5 Bxe2 16.Nxe2 Rxe5
17.O-O a5 18.Nc5 axb4 19.axb4 Qb6 20.Nf4 Rd8 21.Qd4 Ree8 22.Rfd1 Qb5 23.Ncd3 Re4 24.Qa7
Rc4 25.Qa5 Qxa5 26.bxa5 Ra4 27.Nc5 Bxc5 28.Rxc5 g5 29.Nd3 Ra8 30.Rc7 R8xa5 31.Rxb7
Ra1 1/2-1/2

[Event "1. Bundesliga 2015/2016"]
[Site "St. Veit/Glan"]
[Date "2016.02.26"]
[Round "6"]
[Board "2"]
[White "Banusz, Tamas"]
[Black "Skoberne, Jure"]
[Result "0-1"]
[WhiteElo "2619"]
[BlackElo "2564"]
[PlyCount "68"]
[EventDate "2015.11.05"]
[EventType "team"]
[EventRounds "11"]
[EventCountry "AUT"]
[WhiteTeam "L.A. Kraftanlage Ottakring"]
[BlackTeam "SV Raika Rapid Feffernitz"]

1.Nf3 Nf6 2.c4 b6 3.g3 c5 4.Bg2 Bb7 5.O-O g6 6.Nc3 Bg7 7.d4 cxd4 8.Qxd4 d6 9.Rd1 Nbd7
10.Be3 Rc8 11.Rac1 O-O 12.Qh4 a6 13.b3 Re8 14.Bh3 Ba8 15.g4 b5 16.g5 Nh5 17.c5 Rc7
18.b4 dxc5 19.bxc5 e6 20.Ne4 Qb8 21.Nd6 Rd8 22.Bg4 Nxc5 23.Bxh5 Na4 24.Bf4 e5 25.Nxe5
Rxc1 26.Rxc1 Qxd6 27.Nc6 Qd1+ 28.Rxd1 Rxd1+ 29.Kg2 gxh5 30.Qxh5 Bxc6+ 31.f3 Nc3 32.Kf2
Nxa2 33.Qg4 Bd7 34.Qg3 Bc3 0-1

[Event "1. Bundesliga 2015/2016"]
[Site "St. Veit/Glan"]
[Date "2016.02.26"]
[Round "6"]
[Board "3"]
[White "Diermair, Andreas"]
[Black "Dragnev, Valentin"]
[Result "1/2-1/2"]
[WhiteElo "2478"]
[BlackElo "2432"]
[PlyCount "140"]
[EventDate "2015.11.05"]
[EventType "team"]
[EventRounds "11"]
[EventCountry "AUT"]
[WhiteTeam "SV Raika Rapid Feffernitz"]
[BlackTeam "L.A. Kraftanlage Ottakring"]

1.d4 Nf6 2.c4 e6 3.Nc3 d5 4.Bg5 Be7 5.e3 Nbd7 6.Nf3 h6 7.Bh4 O-O 8.Rc1 c5 9.dxc5 dxc4
10.Bxc4 Nxc5 11.O-O a6 12.Be2 b5 13.b4 Qxd1 14.Rfxd1 Ncd7 15.a3 g5 16.Bg3 Bb7 17.h4
g4 18.Ne5 Nxe5 19.Bxe5 Rfd8 20.a4 Nd5 21.axb5 axb5 22.Rd4 h5 23.Nxb5 Ba6 24.Bf1 Bxb5
25.Bxb5 Nxb4 26.Rcd1 Rxd4 27.Rxd4 Ra5 28.Bf6 Bxf6 29.Rxb4 Bxh4 30.g3 Be7 31.Rb2 Kg7
32.Be2 Ra3 33.Rb7 Kf6 34.Kf1 Ra1+ 35.Kg2 Rc1 36.Bd3 Rc3 37.Bb5 Rc5 38.Be8 Rc8 39.Bb5
Rd8 40.Bc6 Rc8 41.Bd7 Rd8 42.Bc6 Bf8 43.Be4 Rc8 44.Rb5 Bc5 45.Rb7 Kg7 46.Bd3 Bd6 47.Bb5
Kg6 48.Bd3+ Kg7 49.Bb5 Rc1 50.Rb6 Rb1 51.Rb7 Rc1 52.Rb6 Rb1 53.Rb7 Rb2 54.Bc6 Rc2
55.Ba4 Rc1 56.Rb6 Bf8 57.Rb7 Kf6 58.Be8 Be7 59.Ba4 Rc8 60.Bd7 Rh8 61.Rb1 Rh6 62.Bc6
Rh7 63.Ra1 Rg7 64.Ra5 Rh7 65.Ra1 Kg5 66.Ra5+ Kg6 67.Ra7 f6 68.Bd7 e5 69.e4 Kf7 70.Ra8
Bf8 1/2-1/2